Тест на общие знания №47 - Statistics

General Stats
  • This quiz has been taken 36 times
  • The average score is 8 of 20
Answer Stats
Вопрос Ответ % Correct
Над чем проводят операцию при ринопластике? нос
80%
Чьим альтер-эго является Артур Пирожков? Александр Ревва
76%
Чему равен тупой угол равнобедренного треугольника, если острый угол равен 30°? 120°
72%
Назовите самую высокую гору в России Эльбрус
60%
Кто правил Россией дольше всех? Иван IV Грозный
56%
Какой пролив разделяет Францию и Великобританию? Ла-Манш
52%
Кто является врагом Абрахама Ван Хельсинга? граф Дракула
48%
Из какой тюрьмы сбежал Сириус Блэк? Азкабан
44%
Флаг какой африканской страны абсолютно идентичен флагу европейской страны? Чад
40%
У какого известного человека есть гражданства таких стран, как Россия, Франция, ОАЭ и Сент-Китс и Невис? Павел Дуров
40%
Как называется греческая буква "Ψ"? пси
36%
Что изучает энтомолог? насекомые
36%
Что состоит из серы, древесного угля и селитры? порох
28%
Какое химическое вещество имеет формулу CH₂O? формальдегид
24%
Что означает "V8" в названии двигателя? цилиндры
24%
Прототипом какого современного вида спорта является ацтекская игра, известная как тлачтли? баскетбол
20%
Название этой птицы на китайском представляет собой два иероглифа, означающих "бизнес" и "гусь". Что это за птица? пингвин
16%
Какой раздел математики оперирует понятиями "истина" и "ложь", обозначаемыми 1 и 0 соответственно? булева логика
12%
Чьими предсмертными словами были: "В этой комнате отвратительные обои. Кому-то из нас придётся уйти..."? Оскар Уайльд
12%
Какой бренд, по одной из версий, был назван в честь лошади, жившей на ферме семьи одного из основателей компании? Snickers
8%
No matching quizzes found
Score Distribution
Percent of People with Each Score
Percentile by Number Answered
Your Score History
You have not taken this quiz